000 00473nam a2200181Ia 4500
003 OSt
005 20260129143339.0
008 210210b1950 xxu||||| |||| 00| 0 eng d
040 _cAL
041 _aKannada
082 _a853/330
100 _aRANGANATHA MUGALI
_9161584
_dರಂಗನಾಥ ಮುಗಳಿ.
245 _aManorajya:
_bಮನೋರಾಜ್ಯ
260 _aHubballi
_b-
_c1950
690 _aKannada Drama
_9161585
906 _a019606
942 _2ddc
_cBK
999 _c143740
_d143740